[Event "Panchenko Memorial-B 2021"]
[Site "Chelyabinsk"]
[Date "2021.09.17"]
[Round "5.5"]
[White "Goltseva, Ekaterina"]
[Black "Yakimova, Mariya"]
[Result "1-0"]
[WhiteElo "2286"]
[BlackElo "2185"]
[Annotator "TA"]
[PlyCount "115"]
[EventDate "2021.09.13"]
[EventType "swiss"]
[EventCountry "RUS"]
[SourceTitle "playchess.com"]
[Source "ChessBase"]
[SourceQuality "1"]

{[%evp 11,115,37,35,31,34,34,47,25,74,86,92,86,100,32,68,40,40,37,99,74,75,0,10,9,0,0,4,8,8,0,0,0,0,0,0,0,0,0,0,0,0,45,651,646,1393,1376,1170,619,558,558,903,556,534,527,1035,1002,1086,1043,1379,989,989,975,976,972,876,870,800,612,612,612,612,612,612,543,605,515,508,225,225,225,225,225,225,225,225,225,225,225,385,385,379,350,29970,29972,29970,29973,29973,29974,29974,29975,29975,29976,29971,29977,29977,29978]} 1. d4 Nf6 2. c4 g6 3. Nc3 Bg7 4. e4 d6 5. Nge2 O-O 6. Ng3 h5 7. Be2 {E70: King's Indian: Miscellaneous lines with 4 e4, including 5 Nge2 and 5 Bd3 0-0 6 Nge2.} h4 8. Nf1 h3 9. g4 {White is slightly better.} e5 10. d5 a5 11. Bg5 Qe8 12. Ng3 {[#]} (12. Rg1 $16) 12... Na6 $146 ({Predecessor:} 12... Nh7 13. Be3 Na6 14. Qd2 Qe7 15. O-O-O Bf6 16. Rhg1 Kh8 17. Kb1 Bg5 18. Nf1 Nc5 {1-0 (39) Alshameary Puente,I (2349)-Jimenez Hernandez,C (2320) Dos Hermanas 2021}) 13. Rg1 Nh7 $1 {[%cal Rh7g5]} 14. Be3 Qe7 (14... Bf6 $14) 15. Qd2 Bf6 16. Nd1 (16. g5 $16 Bxg5 17. Nf5 $1 Bxf5 18. exf5 Bxe3 19. Qxe3) 16... Nc5 17. f3 Bg5 18. Nf2 Bxe3 19. Qxe3 Ng5 {[#]} 20. Nf5 $1 gxf5 21. gxf5 f6 22. Nxh3 $1 Qh7 $1 {[%cal Rh7h3]} 23. Nxg5 fxg5 24. O-O-O Kf7 25. Rxg5 Bd7 26. f4 Qxh2 {[%mdl 8192] [#] This costs Black the game.} (26... exf4 $14 27. Qxf4 Ke8) 27. fxe5 $1 $18 Qxe5 28. f6 Qxf6 29. Rf1 Qxf1+ 30. Bxf1 Ke7 31. Be2 Rae8 32. Bh5 Rf1+ 33. Kd2 Ref8 34. e5 {aiming for exd6+.} R8f2+ 35. Be2 Bf5 {[#]} 36. Rxf5 $1 {[%mdl 512] Intending Qg5+ and mate.} Rxe2+ 37. Qxe2 Rxf5 38. exd6+ Kxd6 {[%mdl 4096] Endgame KQ-KRN} 39. Qh2+ Re5 40. Kc3 Nd7 41. Kd4 c5+ 42. dxc6 Kxc6 43. Qh8 Re1 44. Qd8 (44. Qc8+ $142 Kb6 45. c5+ Ka7 46. Qd8 Rd1+ 47. Kc3) 44... b6 45. Qa8+ Kc7 46. Qf3 Re6 47. b3 Rd6+ 48. Kc3 Nc5 49. a3 {[%cal Ba2a3,Ba3b4][%mdl 32]} Rd7 $2 (49... Rf6 50. Qg4 Nd7 51. Qg3+ Kc6 52. Qg2+ Kc7 53. Qg3+ Kc6) 50. b4 axb4+ 51. axb4 Rd3+ $2 (51... Nb7 $18 52. Qg3+ Kc8) 52. Qxd3 $1 {White mates.} Nxd3 53. Kxd3 {KPP-KP} Kd7 54. Kd4 Kd6 55. b5 Ke6 56. c5 Kd7 {[#]} 57. c6+ $1 ({Inferior is} 57. cxb6 Kc8 $11) 57... Kd6 58. Ke4 {Weighted Error Value: White=0.39/Black=0.39} 1-0

[Event "Panchenko Memorial-B 2021"]
[Site "Chelyabinsk"]
[Date "2021.09.18"]
[Round "6.1"]
[White "Kovanova, Baira"]
[Black "Charochkina, Daria"]
[Result "1/2-1/2"]
[WhiteElo "2310"]
[BlackElo "2307"]
[Annotator "TA"]
[PlyCount "124"]
[EventDate "2021.09.13"]
[EventType "swiss"]
[EventCountry "RUS"]
[SourceTitle "playchess.com"]
[Source "ChessBase"]
[SourceQuality "1"]

{[%evp 9,124,7,17,-8,0,-8,-9,-8,16,16,16,16,18,16,4,13,12,7,32,20,41,25,47,50,47,50,40,24,7,10,22,21,44,0,24,21,24,31,70,-17,0,0,0,-20,-22,-36,0,0,0,-19,-12,-8,0,6,65,8,8,8,8,8,79,52,86,51,87,87,87,87,127,86,86,8,86,86,86,86,86,86,86,86,86,86,87,86,86,86,86,86,86,86,86,86,86,86,86,86,86,86,86,86,86,78,78,78,78,78,78,78,78,78,78,0,0,0,0,0,0]} 1. e4 c6 2. d4 d5 3. e5 Bf5 4. Nd2 e6 5. Nb3 a6 6. a4 {B12: Caro-Kann: Advance Variation.} c5 7. Nxc5 Bxc5 8. dxc5 Qa5+ 9. c3 Qxc5 10. Be3 Qc7 11. f4 {[#]} f6 $146 ({Predecessor:} 11... Nd7 12. Nf3 Ne7 13. Be2 O-O 14. O-O Nb6 15. b3 Rac8 16. Rc1 Nd7 17. b4 a5 {1-0 (47) De Silva,L (2085)-Laohawirapap,P (2125) chess.com INT 2021}) 12. Nf3 Nc6 {[%cal Rf6e5]} 13. Nd4 Nge7 14. exf6 gxf6 15. Be2 Rg8 16. Bh5+ Kd7 17. Nxc6 Qxc6 18. Bf3 h5 19. h3 e5 20. fxe5 fxe5 21. Qd2 Rg3 22. Bg5 e4 23. Bxh5 {Hoping for Qf4.} Rh8 {[#]} 24. Bd1 ({White should try} 24. Bh4 $1 $14 Rgg8 25. g4) 24... Qg6 25. Bxe7 Kxe7 26. Be2 Rxg2 {Threatens to win with ...Qg3+.} 27. O-O-O $1 (27. Qxd5 Qg3+ 28. Kd2 {[#]} Rxe2+ $1 {[%mdl 512]} 29. Kxe2 Qf3+ 30. Ke1 Qxh1+ 31. Ke2 Bg4+ $1 {[%mdl 512]} 32. Ke3 Qxh3+ 33. Kd2 Qg2+ 34. Ke3 Qf3+ 35. Kd4 Qd3+ 36. Kc5 Rc8+ 37. Kb4 Qxd5 38. Rh1 Be6 39. Rh7+ Kd6 40. Rd7+ Kxd7 41. c4 Qxc4+ 42. Ka5 Qc5#) 27... Qh6 28. Qxh6 Rxh6 29. Bf1 Rf2 {White must now prevent ...Rb6.} 30. Rxd5 e3 {Strongly threatening ...Rd6.} 31. Bd3 $1 {[%cal Rd3f5]} Bxh3 (31... Ke6 $11 32. Rd4 Kf6) 32. Re5+ (32. Rg5 $14) 32... Re6 $11 33. Rxe6+ Bxe6 {[%mdl 4096] Endgame KRB-KRB} 34. Re1 Rf4 (34... Rf3 $11) 35. Rxe3 Kd6 36. Re4 Rf3 37. Rd4+ Kc7 38. a5 Bf5 39. Bxf5 Rxf5 $16 {KR-KR} 40. b4 (40. Rc4+ $16 Kb8 41. Ra4) 40... Rf2 (40... b6 $1 $11) 41. Rd2 Rf3 42. Kc2 Rh3 43. Rd3 Rh4 44. Rd4 Rh3 45. Kb3 Rg3 46. Kc4 Rh3 47. Re4 Rh6 48. Re5 Kc6 49. Rc5+ Kd6 50. Kb3 Rh3 51. Ka4 Rh1 52. Rg5 Ra1+ 53. Kb3 Rh1 54. Rg3 Kc7 55. c4 Rb1+ 56. Kc3 Rd1 57. Rg7+ Kc6 58. Rg6+ Kc7 59. Rg5 Rb1 60. b5 (60. Rg4 $16) 60... axb5 $11 {The position is equal.} 61. Rxb5 Rc1+ 62. Kb4 Rb1+ {Weighted Error Value: White=0.13/Black=0.12} 1/2-1/2

[Event "Panchenko Memorial-B 2021"]
[Site "Chelyabinsk"]
[Date "2021.09.18"]
[Round "6.2"]
[White "Nurgali, Nazerke"]
[Black "Goltseva, Ekaterina"]
[Result "1/2-1/2"]
[WhiteElo "2247"]
[BlackElo "2286"]
[Annotator "TA"]
[PlyCount "131"]
[EventDate "2021.09.13"]
[EventType "swiss"]
[EventCountry "RUS"]
[SourceTitle "playchess.com"]
[Source "ChessBase"]
[SourceQuality "1"]

{[%evp 9,131,22,50,41,44,37,35,35,46,38,45,50,37,31,47,39,62,3,29,31,58,40,47,10,34,25,29,10,23,5,19,17,17,22,24,22,28,21,96,77,108,65,74,56,67,38,72,76,124,120,108,108,118,116,101,117,162,126,136,137,141,145,201,111,122,98,101,80,85,81,135,135,128,115,144,126,131,83,112,21,22,19,16,-63,0,-14,0,-9,4,0,0,0,0,0,0,0,0,0,0,0,8,8,11,8,8,8,8,8,10,10,15,15,15,15,17,15,15,22,29,10,10,10,71,19]} 1. d4 Nf6 2. Nf3 e6 3. c4 d5 4. Nc3 dxc4 5. e4 b5 6. e5 {D24: Queen's Gambit Accepted: 3 Nf3 Nf6 4 Nc3.} Nd5 7. Nxb5 Nb6 8. Be2 {White is slightly better.} Nc6 $1 {8...Nc6 is better than 8...Be7.} 9. O-O Be7 10. Be3 O-O 11. Nc3 Bb7 12. Qb1 Nb4 {[#]} 13. Nd2 $146 (13. Rc1 $14) ({Predecessor:} 13. Ne4 N4d5 14. Bd2 h6 15. Rc1 Ba6 16. Bf1 Rb8 17. Qc2 Qd7 18. Nc5 Bxc5 19. dxc5 {1-0 (46) Moranda,W (2622)-Janik,I (2505) Lodz 2021}) 13... Qd7 (13... c5 $5 14. dxc5 N4d5 $11) 14. Rd1 (14. Nxc4 $2 Nxc4 15. a3 Nxe3 $19) 14... Qc6 {[%csl Gb7][%cal Rc6g2]} 15. Bf3 N4d5 16. Nde4 Qe8 17. Nxd5 Bxd5 18. Qc2 Qa4 19. Qe2 Qc6 20. Bg5 Bxg5 21. Nxg5 h6 22. Bxd5 $40 {[%mdl 128] White attacks.} exd5 23. Nh3 Na4 (23... Qd7 $11) 24. Rac1 $16 Qb7 25. Rc2 Rab8 26. Nf4 $1 c6 ({Avoid the trap} 26... Nxb2 $2 27. Rb1 $18) 27. h3 Qe7 ({Wrong is} 27... Nxb2 $2 28. Rb1 $18) 28. b3 Nb6 29. Rc3 Qh4 30. Nh5 {And now Rg3 would win.} Kh8 31. Rg3 Rg8 32. Qf3 Rb7 33. Nf4 Kh7 34. Rg4 Qe7 35. Nh5 cxb3 (35... Qe6 $16 36. Rc1 a6) 36. Qd3+ ({Don't take} 36. Qxb3 Kh8) (36. Qg3 $18 {[%cal Rg4g7]} Qf8 37. axb3) 36... Kh8 {Threatens to win with ...b2.} 37. axb3 {Qg3 is the strong threat.} Nd7 38. Nf4 Nf8 39. Qc2 Rb6 (39... Rc7 $142) 40. Rd3 $1 Ne6 41. Nh5 c5 42. dxc5 Qxc5 43. Rc3 Qa3 44. Ra4 ({White should play} 44. Kh2 $1 $16) 44... Qe7 $11 45. Ng3 d4 $1 {[%cal Rd4c3] [#]} 46. Rc8 ({Better is} 46. Nf5 $1 $11 Qd7 47. Rf3) 46... Rb8 (46... Qd7 $15 47. Rxg8+ Kxg8) 47. Rc6 Qd7 {Strongly threatening ...d3.} 48. Rd6 Qb7 49. Ne2 Rgc8 50. Rc4 Rxc4 51. Qxc4 Qxb3 52. Qxb3 Rxb3 53. Nxd4 Nxd4 54. Rxd4 {[%mdl 4096] Endgame KR-KR} Rb7 55. Ra4 g6 56. f4 h5 57. Kf2 Kg7 58. Ra6 Kf8 59. Kg3 Rb3+ 60. Kh4 Rb2 61. g4 hxg4 62. hxg4 Rb7 63. Kg5 Kg7 $1 64. f5 gxf5 65. gxf5 Rc7 {[#]} (65... Rb5 $11 {keeps the balance.}) 66. Ra4 {Blacks defense is rewarded with a draw.  Weighted Error Value: White=0.13/Black=0.15} (66. Ra1 $1 $16) 1/2-1/2

[Event "Panchenko Memorial-B 2021"]
[Site "Chelyabinsk"]
[Date "2021.09.18"]
[Round "6.3"]
[White "Zhapova, Yana"]
[Black "Lysenko, Margarita"]
[Result "1/2-1/2"]
[WhiteElo "2212"]
[BlackElo "2207"]
[Annotator "NA"]
[PlyCount "72"]
[EventDate "2021.09.13"]
[EventType "swiss"]
[EventCountry "RUS"]
[SourceTitle "playchess.com"]
[Source "ChessBase"]
[SourceQuality "1"]
[TimeControl "5400+30"]

1. e4 {[%emt 0:00:04]} c5 {[%emt 0:00:05]} 2. Nf3 {[%emt 0:00:10]} d6 {[%emt 0:00:12]} 3. Bb5+ {[%emt 0:00:12]} Nd7 {[%emt 0:00:26]} 4. d4 {[%emt 0:00:19]} cxd4 {[%emt 0:00:29]} 5. Nxd4 {[%emt 0:00:10]} Ngf6 {[%emt 0:00:35]} 6. Bd3 {[%emt 0:01:50]} Nc5 {[%emt 0:04:16]} 7. Nc3 {[%emt 0:00:11]} a6 {[%emt 0:01:05]} 8. a4 {[%emt 0:05:46]} e5 {[%emt 0:04:35]} 9. Nde2 {[%emt 0:02:32]} Be6 {[%emt 0:05:18]} 10. O-O {[%emt 0:04:15]} Be7 {[%emt 0:02:52]} 11. h3 {[%emt 0:02:17]} O-O {[%emt 0:25:50]} 12. f4 {[%emt 0:06:14]} Nxd3 {[%emt 0:03:22]} 13. cxd3 $11 {[%emt 0:09:09]} b5 {[%emt 0:11:02]} 14. Qe1 {[%emt 0:01:52]} Qb6+ {[%emt 0:18:29]} 15. Kh1 {[%emt 0:00:54]} b4 {[%emt 0:00:13]} 16. Nd1 {[%emt 0:00:32]} exf4 {[%emt 0:01:17]} 17. Nxf4 {[%emt 0:00:46]} Nd7 {[%emt 0:02:00]} 18. Ne3 {[%emt 0:09:42]} a5 {[%emt 0:00:29]} 19. Ned5 {[%emt 0:04:25]} Qd8 {[%emt 0:00:16]} 20. Be3 {[%emt 0:01:07]} Bh4 {[%emt 0:04:32]} 21. Qe2 {[%emt 0:01:46]} Bg3 {[%emt 0:04:02]} 22. Bd4 {[%emt 0:06:34]} Bxf4 {[%emt 0:00:39]} 23. Nxf4 {[%emt 0:00:11]} Qg5 {[%emt 0:04:29]} 24. Qe3 {[%emt 0:02:48]} Qh4 {[%emt 0:00:49]} 25. Rac1 {[%emt 0:03:18]} Rfc8 {[%emt 0:01:33]} 26. Rxc8+ {[%emt 0:09:24]} Rxc8 {[%emt 0:00:01]} 27. Qf3 {[%emt 0:00:23]} Qe7 {[%emt 0:01:05]} 28. Nh5 {[%emt 0:01:11]} f6 {[%emt 0:00:15]} 29. Qg3 {[%emt 0:00:34]} Kh8 {[%emt 0:00:29]} 30. Be3 {[%emt 0:02:23]} d5 {[%emt 0:01:22]} 31. exd5 {[%emt 0:01:47]} Bxd5 {[%emt 0:00:01]} 32. Re1 {[%emt 0:00:22]} Qf7 {[%emt 0:00:38]} 33. Nf4 {[%emt 0:00:15]} Bb7 {[%emt 0:00:46]} 34. Qf2 {[%emt 0:01:23]} Ne5 {[%emt 0:00:44]} 35. Bd4 {[%emt 0:02:19]} Ng6 {[%emt 0:00:30]} 36. Nxg6+ {[%emt 0:06:10]} hxg6 {[%emt 0:00:42]} 1/2-1/2

[Event "Panchenko Memorial-B 2021"]
[Site "Chelyabinsk"]
[Date "2021.09.18"]
[Round "6.4"]
[White "Bodnaruk, Anastasia"]
[Black "Serikbay, Assel"]
[Result "1/2-1/2"]
[WhiteElo "2425"]
[BlackElo "2221"]
[Annotator "TA"]
[PlyCount "119"]
[EventDate "2021.09.13"]
[EventType "swiss"]
[EventCountry "RUS"]
[SourceTitle "playchess.com"]
[Source "ChessBase"]
[SourceQuality "1"]

{[%evp 18,119,7,12,37,15,20,22,100,62,61,24,35,12,0,-84,-18,-27,-13,-35,-28,-34,0,0,0,0,0,0,0,0,58,9,73,60,58,57,67,45,112,98,105,64,52,54,54,52,68,15,65,0,0,0,70,7,43,43,64,65,104,115,109,98,109,31,92,35,104,0,15,0,672,116,273,-93,-68,-97,-90,-618,-643,-1012,-287,-333,0,-570,-544,-570,-536,-670,-8,-8,-16,-25,0,0,0,0,0,0,0,0,0,0,0,0]} 1. e4 c5 2. Nf3 e6 3. d4 cxd4 4. Nxd4 a6 5. Nc3 Qc7 6. Be2 b5 7. O-O Bb7 8. Re1 Nc6 9. Nxc6 dxc6 10. e5 Ne7 {B43: Sicilian: Kan Variation: 5 Nc3.} 11. Bd3 Ng6 12. Qh5 b4 (12... Be7 $11) 13. Na4 c5 14. b3 Be7 15. Bg5 {[#]} Rd8 $146 ({Predecessor:} 15... O-O-O 16. Bxe7 Qxe7 17. Be4 Rd4 18. Qf3 Nh4 19. Bxb7+ Qxb7 20. Qxb7+ Kxb7 21. Nxc5+ Kc6 {½-½ (43) Munguntuul,B (2410)-Divya,D (2138) Mumbai 2018}) 16. Re3 {[#]} (16. Bxe7 $11 {keeps the balance.} Qxe7 17. Bxg6 fxg6 18. Qe2) 16... Rd4 (16... Bxg2 $1 $17 {White should prevent ...Bb7.} 17. Kxg2 Rxd3 18. cxd3 h6) 17. Bxe7 $1 $11 Qxe7 18. g3 Qc7 19. Nb2 Qc6 {[%csl Gb7][%cal Rc6h1]} 20. f3 c4 21. Nxc4 {Nd6+ is the strong threat.} Qc5 {White must now prevent ...Rxc4.} 22. Rae1 O-O $1 23. Kf1 $36 {[%mdl 2048] Black is under pressure.} Rfd8 (23... f5 $11) 24. Qh3 Nf8 (24... Bd5 $11 {remains equal.}) 25. Qg2 Nd7 26. Qe2 Qc7 27. Be4 Nc5 (27... Bd5 $14) 28. Bxb7 $16 Qxb7 29. h4 Qd5 30. Kg2 a5 {[%cal Ba6a5,Ba5a4][%mdl 32]} 31. Kh3 h6 32. h5 (32. Nxa5 $14 Na4 33. Nc4 (33. bxa4 Qxa5 34. Qb5 Qa7 $14)) 32... a4 33. g4 (33. f4 $1 $14) 33... a3 $1 $11 34. Qg2 (34. Rg1 {feels hotter.} g5 35. hxg6 fxg6 36. Kg3 Rf8 37. Rh1) 34... Rd1 (34... g5 $11) 35. Nd6 (35. Qg1 $14) 35... Rxe1 36. Rxe1 f6 37. Nc4 $1 Qd4 38. Qe2 Qf4 39. exf6 gxf6 40. Ne3 ({Better is} 40. Rd1 $16 Rxd1 41. Qxd1) 40... Qe5 (40... e5 $14) 41. Qc4 ({White should play} 41. Qf2 $16) 41... Rd2 {[#]} (41... Rd4 $1 $14 42. Qb5 Nd7) 42. Ng2 ({White has to play} 42. Re2 $1 $16 {[%cal Re2d2]} Rd4 43. Qb5) 42... Qd5 43. Qf4 Rd4 $2 {[%mdl 8192]} (43... Qd4 $11) 44. Qe3 $2 (44. Qxf6 $18 {and the rest is easy.} Qd7 45. Re5) 44... e5 $2 (44... Rd2 $16) 45. f4 $2 (45. Kg3 $18) 45... Ne4 46. Rf1 Rd2 47. Qf3 $2 {[%mdl 8192]} (47. Ne1 $17) 47... exf4 $19 48. Kh4 Qg5+ $2 (48... Qe5 49. Qxf4 Rxg2) 49. Kh3 Qd5 (49... Qe5 $19 {( -> ...Ng5+)} 50. Qxf4 Rxc2 51. Qxe5 fxe5) 50. Kh2 $2 {[%mdl 8192]} (50. Kh4 $1 $11 {and White has nothing to worry.} Rxc2 51. Qxf4 Rxg2 52. Rd1) 50... Rxc2 51. Rd1 Qc6 52. Rd4 {[#]} Ng5 (52... Qc3 $1 $19 53. Rd7 (53. Rd8+ $2 Kf7 $19) (53. Qxc3 bxc3) 53... Qxf3 54. Rd8+ Kf7 55. Rd7+ Ke6 56. Re7+ Kxe7 57. Kh1 Qxg2#) 53. Qxc6 $11 Rxc6 54. Rxf4 {[%mdl 4096] Endgame KRN-KRN} Rc2 55. Rxb4 {The position is equal.} Rxa2 {Threatens to win with ...Rb2.} 56. Ra4 Ra1 57. Ne3 Re1 58. Nf5 Re2+ 59. Kg3 a2 60. Ra8+ {White happily takes the draw.  Weighted Error Value: White=0.68/Black=0.59} 1/2-1/2

[Event "Panchenko Memorial-B 2021"]
[Site "Chelyabinsk"]
[Date "2021.09.18"]
[Round "6.5"]
[White "Gevorgyan, Maria"]
[Black "Guseva, Marina"]
[Result "1-0"]
[WhiteElo "2233"]
[BlackElo "2418"]
[Annotator "NA"]
[PlyCount "59"]
[EventDate "2021.09.13"]
[EventType "swiss"]
[EventCountry "RUS"]
[SourceTitle "playchess.com"]
[Source "ChessBase"]
[SourceQuality "1"]
[TimeControl "5400+30"]

1. e4 {[%emt 0:00:03]} c5 {[%emt 0:00:03]} 2. Nf3 {[%emt 0:00:06]} d6 {[%emt 0:00:04]} 3. d4 {[%emt 0:00:04]} cxd4 {[%emt 0:00:04]} 4. Nxd4 {[%emt 0:00:05]} Nf6 {[%emt 0:00:03]} 5. Nc3 {[%emt 0:00:06]} a6 {[%emt 0:00:04]} 6. h4 {[%emt 0:00:06]} e5 {[%emt 0:00:03]} 7. Nb3 {[%emt 0:00:04]} Be6 {[%emt 0:00:06]} 8. f4 {[%emt 0:00:13]} g6 {[%emt 0:00:06]} 9. Be2 {[%emt 0:00:17]} Nc6 {[%emt 0:05:01]} 10. g4 {[%emt 0:00:51]} h6 {[%emt 0:00:07]} 11. f5 {[%emt 0:00:38]} gxf5 {[%emt 0:03:30]} 12. gxf5 {[%emt 0:00:09]} Bxb3 {[%emt 0:02:02]} 13. axb3 {[%emt 0:00:07]} Qb6 {[%emt 0:09:12]} 14. Bf1 {[%emt 0:37:01]} (14. Kf1 $11) 14... Rg8 $1 {[%emt 0:20:47]} 15. Qf3 {[%emt 0:08:00]} Nd4 $17 {[%emt 0:14:49]} 16. Qd3 {[%emt 0:07:47]} Rg3 {[%emt 0:14:00]} 17. Qxg3 {[%emt 0:00:17]} Nxc2+ {[%emt 0:00:04]} 18. Kd1 {[%emt 0:00:05]} Nxa1 {[%emt 0:00:13]} 19. Bc4 {[%emt 0:00:11]} Qd4+ {[%emt 0:07:13]} 20. Ke2 {[%emt 0:08:34]} Nc2 {[%emt 0:02:52]} 21. Rd1 {[%emt 0:12:29]} Qc5 {[%emt 0:00:06]} 22. Nd5 {[%emt 0:11:00]} Nxd5 {[%emt 0:00:15]} 23. Bxd5 {[%emt 0:02:09]} Nb4 {[%emt 0:06:28]} 24. Bxf7+ {[%emt 0:07:56]} Kxf7 {[%emt 0:00:46]} 25. Qg6+ {[%emt 0:00:00]} Ke7 {[%emt 0:00:05]} 26. Be3 {[%emt 0:00:06]} Qb5+ {[%emt 0:04:29]} 27. Kf3 {[%emt 0:00:02]} Nd3 {[%emt 0:04:13]} 28. Qe6+ {[%emt 0:01:19]} Kd8 {[%emt 0:00:04]} 29. Qf7 {[%emt 0:00:04]} Qe8 {[%emt 0:05:54]} 30. Bb6+ {[%emt 0:00:06]} 1-0

[Event "Panchenko Memorial-B 2021"]
[Site "Chelyabinsk"]
[Date "2021.09.19"]
[Round "7.1"]
[White "Goltseva, Ekaterina"]
[Black "Kovanova, Baira"]
[Result "1/2-1/2"]
[WhiteElo "2286"]
[BlackElo "2310"]
[Annotator "TA"]
[PlyCount "61"]
[EventDate "2021.09.13"]
[EventType "swiss"]
[EventCountry "RUS"]
[SourceTitle "playchess.com"]
[Source "ChessBase"]
[SourceQuality "1"]

{[%evp 10,61,-2,-10,16,22,18,7,14,4,27,6,33,6,8,0,40,33,45,33,37,41,60,35,49,14,24,14,18,24,25,21,21,15,18,18,36,32,62,18,48,50,61,12,11,0,22,0,0,0,0,0,0,0]} 1. d4 Nf6 2. c4 e6 3. Nc3 Bb4 4. g3 d5 5. Nf3 O-O 6. Bg2 c6 {E20: Nimzo-Indian: 4 g3 and 4 f3.} 7. O-O Nbd7 8. Qb3 Be7 9. Rd1 b6 10. Bg5 Ba6 11. Nd2 {[%cal Rc4d5] [#]} h6 $146 ({Predecessor:} 11... dxc4 12. Qa4 Bb7 13. Nxc4 Nd5 14. Bxe7 Qxe7 15. Qb3 c5 16. e4 Nxc3 17. bxc3 Nf6 {½-½ (27) Bode,W (2316)-Markgraf,S (2046) Bockenem 2005}) 12. Bxf6 Bxf6 13. cxd5 cxd5 14. Qa4 Bb7 15. e4 dxe4 16. Ndxe4 Qe7 17. d5 (17. Rac1 {seems wilder.} Rfd8 18. Nb5 a6 19. Nbd6 Bxe4 20. Nxe4 b5 21. Qa5) 17... Bxc3 18. Nxc3 {Black must now prevent d6.} exd5 19. Nxd5 Bxd5 20. Bxd5 Nc5 21. Qc4 Rac8 22. Rac1 a5 23. a3 a4 24. Re1 Qd7 {[#] Strongly threatening ...Nb3.} 25. Rcd1 Rcd8 26. Qh4 Qf5 {The position is equal.} 27. Qc4 Rd7 {next ...Rfd8 is good for Black.} 28. Rd4 Nb3 29. Rd3 Nc5 30. Rd4 Nb3 31. Rd3 {Weighted Error Value: White=0.11/Black=0.10} 1/2-1/2

[Event "Panchenko Memorial-B 2021"]
[Site "Chelyabinsk"]
[Date "2021.09.19"]
[Round "7.2"]
[White "Charochkina, Daria"]
[Black "Gevorgyan, Maria"]
[Result "1-0"]
[WhiteElo "2307"]
[BlackElo "2233"]
[Annotator "ChessBase"]
[PlyCount "59"]
[EventDate "2021.09.13"]
[EventType "swiss"]
[EventCountry "RUS"]
[SourceTitle "playchess.com"]
[Source "ChessBase"]
[SourceQuality "1"]
[TimeControl "5400+30"]

1. e4 {[%emt 0:03:25]} c5 {[%emt 0:00:06]} 2. Na3 {[%emt 0:00:04]} Nc6 {[%emt 0:00:07]} 3. Bb5 {[%emt 0:00:03]} g6 {[%emt 0:07:04]} 4. Nf3 {[%emt 0:00:14]} Bg7 {[%emt 0:02:53]} 5. O-O {[%emt 0:00:08]} Nf6 {[%emt 0:00:29]} 6. Re1 {[%emt 0:00:10]} O-O {[%emt 0:00:33]} 7. c3 {[%emt 0:00:07]} a6 {[%emt 0:01:16]} 8. Bxc6 {[%emt 0:01:17]} dxc6 {[%emt 0:03:24]} 9. h3 {[%emt 0:06:21]} Nd7 {[%emt 0:06:09]} 10. e5 {[%emt 0:15:14]} f6 {[%emt 0:06:55]} 11. d4 {[%emt 0:28:20]} cxd4 {[%emt 0:05:12]} 12. Qb3+ {[%emt 0:00:14]} Kh8 {[%emt 0:00:05]} 13. cxd4 {[%emt 0:01:48]} Nb6 {[%emt 0:02:13]} 14. Nc4 {[%emt 0:00:59]} Nd5 {[%emt 0:00:09]} 15. Bd2 {[%emt 0:01:17]} Rb8 {[%emt 0:07:11]} 16. Rac1 {[%emt 0:03:35]} g5 {[%emt 0:02:59]} 17. e6 {[%emt 0:05:31]} Qc7 {[%emt 0:18:59]} 18. a4 {[%emt 0:03:12]} b6 {[%emt 0:03:25]} 19. Ne3 {[%emt 0:03:40]} Nxe3 {[%emt 0:07:54]} 20. Rxe3 {[%emt 0:00:19]} Rd8 {[%emt 0:02:14]} 21. a5 {[%emt 0:02:23]} bxa5 {[%emt 0:03:02]} 22. Bxa5 {[%emt 0:00:58]} Qa7 {[%emt 0:04:16]} 23. Qxb8 {[%emt 0:04:27]} Qxb8 {[%emt 0:00:08]} 24. Bxd8 {[%emt 0:00:01]} Qd6 {[%emt 0:02:10]} 25. Bxe7 {[%emt 0:00:02]} Qxe7 {[%emt 0:00:31]} 26. d5 {[%emt 0:00:01]} c5 {[%emt 0:05:33]} 27. Nd4 {[%emt 0:01:04]} Bf8 {[%emt 0:00:56]} 28. Nf5 {[%emt 0:01:17]} Qe8 {[%emt 0:02:16]} 29. Rce1 {[%emt 0:06:03]} Bb7 {[%emt 0:03:40]} 30. e7 {[%emt 0:01:36]} 1-0